In the name of the mother (Record no. 173962)

MARC details
000 -LEADER
fixed length control field 00358nam a2200145Ia 4500
008 - FIXED-LENGTH DATA ELEMENTS--GENERAL INFORMATION
fixed length control field 230917s9999||||xx |||||||||||||| ||und||
040 ## - CATALOGING SOURCE
-- 203706
Original cataloging agency VIVEKANANDA LIBRARY
041 ## - Language
-- English
082 ## - DDC NUMBER
Classification number 829.443 M278I
100 ## - MAIN ENTRY--PERSONAL NAME
Personal name Mahasweta Devi
245 #0 - TITLE STATEMENT
Title In the name of the mother
260 ## - PUBLICATION, DISTRIBUTION, ETC. (IMPRINT)
Place of publication, distribution, etc Calcutta
Name of publisher, distributor, etc Seagull Books
Date of publication, distribution, etc 2004
300 ## - PHYSICAL DESCRIPTION
Pages vii, 85 p.
942 ## - ADDED ENTRY ELEMENTS (KOHA)
Koha item type Books
Holdings
Withdrawn status Lost status Damaged status Not for loan Location (home branch) Sublocation or collection (holding branch) Date acquired Koha issues (times borrowed) Koha full call number Accession No. Koha date last seen Koha item type
        VIVEKANANDA LIBRARY VIVEKANANDA LIBRARY 10/11/2012 1 829.443 M278I 326601 07/04/2025 Books
© Designed and Maintained by Vivekananda Library, MDU Rohtak